000 00426nam a2200157 i 4500
001 142466
003 ES-MaACL
005 20230906200529.0
007 t|
008 071005s1912 gw ||||1| ger d
100 1 _aWissowa, Georg.
_9117156
245 1 0 _aReligion und kultur der Römer /
_cvon Georg Wissowa.
260 _aMünchen :
_bC. H. Beck'sche,
_c1912.
300 _a612 p. ;
_c25 cm.
852 _aES-MaACL
_jF-15197
999 _c142466
_d142466